00232nam a2200085Ia 4500001000800000005001700008008004100025245005800066260002200124120680820251010145715.0250824s9999 xx 000 0 und d 0aFİKRİMİN İNCE GÜLÜ cADALET AĞAOĞLU bEVEREST YAYINLARI